Fundamentals of thermal-fluid sciences
Gespeichert in:
| 1. Verfasser: | |
|---|---|
| Format: | Buch |
| Sprache: | Englisch |
| Veröffentlicht: |
McGraw Hill Education
2012
|
| Tags: |
Tag hinzufügen
Keine Tags, Fügen Sie den ersten Tag hinzu!
|
MARC
| LEADER | 00000nam a22000007a 4500 | ||
|---|---|---|---|
| 008 | 240521b |||||||| |||| 00| 0 eng d | ||
| 020 | |a 9780071325110 | ||
| 100 | |a CENGEL, Yunus A. |a Cimbala, John M. |a Turner, Robert H. | ||
| 245 | |a Fundamentals of thermal-fluid sciences |c /Yunus A.Cengel |g xxii,1045p;ill | ||
| 250 | |b 4th | ||
| 260 | |b McGraw Hill Education |c 2012 |h New York |i 703008 |l TJ265.C33 |m Thermodynamics |m Heat- Transmission |m Fluid mechanics | ||
| 500 | |a it includes index | ||
| 942 | |a lcc |c BK |f 21/05/24 | ||
| 952 | |0 0 |1 0 |2 lcc |4 0 |6 TJ0265 C33 |7 0 |9 5123 |a HOL |b HOL |c QZ |d 2024-05-21 |l 0 |o TJ265.C33 |p 2024-0370 |r 2024-05-21 00:00:00 |t 703008 |w 2024-05-21 |y BK | ||
| 999 | |c 2546 |d 2546 | ||